000 00286nam a22001337a 4500
008 210302b ||||| |||| 00| 0 eng d
020 _a9781416062165
041 _aeng
080 _24th
_a611
100 _a7
101 _aANA
245 _aPhysiology
_cCostanzo,S.L
942 _2udc
_cBK
999 _c55456
_d55456